| 000 | 00470nam a22001457a 4500 | ||
|---|---|---|---|
| 005 | 20241107144040.0 | ||
| 008 | 241107b |||||||| |||| 00| 0 eng d | ||
| 020 | _a0406037949 | ||
| 245 | _aThe All England Law Reports | ||
| 260 |
_aLondon _bButterworths _c1995 |
||
| 300 |
_axvi, 1056 pages _c23.5 cm |
||
| 500 | _aEditor-in-chief Peter Hutchesson LL. Barrister, New Zealand. Editor: Caroline Vandridge-Ames LLM | ||
| 650 |
_2Law Reports _xEngland |
||
| 942 |
_2lcc _cBK _n0 |
||
| 999 |
_c821 _d821 |
||